[Event "35th European Club Cup 2019"]
[Site "Ulcinj"]
[Date "2019.11.14"]
[Round "5.11"]
[White "Kobalia, Mikhail"]
[Black "Lundin, Jan"]
[Result "1-0"]
[WhiteElo "2608"]
[BlackElo "2300"]
[Annotator "TA"]
[PlyCount "47"]
[EventDate "2019.11.10"]
[EventType "team-tourn"]
[EventCountry "MNE"]
[SourceTitle "playchess.com"]
[Source "ChessBase"]
[SourceQuality "1"]
[WhiteTeam "Moscow Chess Team"]
[BlackTeam "Berlin"]

{[%evp 15,47,8,20,9,20,14,26,26,26,25,78,68,104,109,116,116,112,114,110,104,107,114,162,125,143,60,197,178,180,166,408,391,29977,9935]} 1. e4 e6 2. d4 d5 3. Nc3 Bb4 4. e5 c5 5. a3 Bxc3+ 6. bxc3 Qc7 7. Nf3 b6 8. a4 Ba6 9. Bxa6 {C18: French: 3 Nc3 Bb4: Main line: 7 h4 and 7 Qg4} Nxa6 10. Qd3 {[#] Qb5+ is the strong threat.} c4 $146 ({Predecessor:} 10... Nb8 11. a5 Qc6 12. O-O Ne7 13. Bg5 Nd7 14. axb6 axb6 15. c4 dxc4 16. Qxc4 Rxa1 17. Rxa1 {½-½ (30) Yu,Y (2652)-Wang,H (2728) Ningbo 2011}) 11. Qe2 {White has an edge.} Qd7 12. Ng5 h5 (12... h6 $11 13. Qh5 g6) 13. Qf3 $16 Nc7 14. O-O $36 {[%mdl 2048] Black is under strong pressure.} f6 15. exf6 gxf6 16. Nh3 O-O-O 17. Bf4 Ne8 18. a5 {Threatens to win with axb6.} Ne7 19. axb6 axb6 20. Qd1 ({White should try} 20. Ra6 $16 Qb7 21. Ra2) 20... Nc6 ({Black should play} 20... Kb7 $1 $14) 21. Qb1 $18 Qb7 22. Re1 Ng7 $2 (22... Kd7 23. Qb5 Ra8) 23. Qb5 {aiming for Ra6!} Na7 $2 {[#]} (23... Nb8 $18 24. Ra4 e5) 24. Rxa7 $1 {[%mdl 512] Accuracy: White = 78%, Black = 20%.} 1-0

[Event "35th European Club Cup 2019"]
[Site "Ulcinj"]
[Date "2019.11.14"]
[Round "5.11"]
[White "Rogozenco, Dorian"]
[Black "Ponkratov, Pavel"]
[Result "0-1"]
[WhiteElo "2484"]
[BlackElo "2619"]
[Annotator "TA"]
[PlyCount "138"]
[EventDate "2019.11.10"]
[EventType "team-tourn"]
[EventCountry "MNE"]
[SourceTitle "playchess.com"]
[Source "ChessBase"]
[SourceQuality "1"]
[WhiteTeam "Lysa nad Labem"]
[BlackTeam "Mednyi Vsadnik"]

{[%evp 10,138,1,-16,5,0,13,-8,9,8,15,8,20,9,8,7,20,5,10,13,38,0,0,0,0,0,0,-5,27,28,16,11,14,0,0,-8,-7,-25,0,-37,-15,-19,-19,-37,0,0,0,-26,0,-45,-45,-72,-68,-59,-60,-79,-77,-88,-88,-85,-97,-107,-102,-114,-100,-111,-110,-106,-95,-96,-88,-184,-188,-142,-152,-233,-172,-243,-239,-388,-387,-373,-370,-305,-286,-289,-262,-356,-350,-565,-530,-490,-388,-909,-820,-883,-914,-921,-900,-787,-838,-1939,-1869,-29976,-1744,-29988,-2389,-29973,-29974,-29974,-29975,-29974,-29967,-29976,-29977,-29977,-29978,-29978,-29979,-29979,-29959,-29980,-29981,-29981,-29982,-29982,-29983,-29982,-29983,-29975,-6717]} 1. d4 Nf6 2. c4 e6 3. Nc3 Bb4 4. Bg5 h6 5. Bh4 b6 6. f3 Be7 {E30: Nimzo-Indian: Leningrad Variation} (6... Nc6 7. e4 e5 8. a3 Bxc3+ 9. bxc3 Qe7 10. Ne2 d6 11. Bf2 Na5 12. Ng3 Be6 13. Bd3 O-O-O 14. Qe2 {1-0 (41) Rapport,R (2676)-Shengelia,D (2556) Rhodes 2013}) 7. Bf2 d5 8. cxd5 exd5 {The position is equal.} 9. e3 O-O 10. Bd3 c5 11. Nge2 Bb7 $146 ({Predecessor:} 11... Nc6 12. O-O c4 13. Bb1 b5 14. a3 {½-½ (64) Agrest,E (2529)-Berg,E (2496) Linkoping 2001}) 12. O-O Nbd7 13. Bc2 Re8 14. Qd2 Bf8 15. Rad1 a6 16. dxc5 bxc5 17. Nf4 {[%cal Rc3d5]} Nb6 18. Bb3 {[%cal Rc3d5]} Re5 19. e4 {[%cal Rf4d5]} d4 20. Na4 Re8 21. Nxb6 Qxb6 22. Bc4 a5 23. Rfe1 {With the idea e5.} Bd6 24. Bg3 Bxf4 25. Bxf4 Ba6 26. Rc1 Bxc4 27. Rxc4 Nd7 28. Rec1 Re6 29. Bg3 a4 30. R4c2 Qb5 31. Rd1 Ra7 {[%cal Ba8a7,Ba7b7,Bb7b5][%mdl 32]} 32. Qd3 Rb7 33. Qxb5 Rxb5 34. Kf1 g5 35. Rdd2 Kg7 36. h3 Kg6 37. Bc7 f5 38. exf5+ Kxf5 39. g4+ Kg6 40. Kf2 {[#]} (40. f4 $17 {keeps fighting.} gxf4 41. Bxf4) 40... Nf6 $1 $19 41. Bg3 Nd5 42. h4 (42. Rc4 $17) 42... Reb6 43. h5+ (43. b3 $142) 43... Kf7 {White must now prevent ...Ne3.} 44. Ke1 (44. Be5 $142) 44... Ne3 45. Rc1 Ke6 46. Bf2 Ng2+ 47. Kd1 Nf4 ({Worse is} 47... Rxb2 48. Rxc5 Rxd2+ 49. Kxd2 $11) 48. Bg3 Kd5 49. Bxf4 $2 (49. Bf2 {was the only chance.}) 49... gxf4 {[%mdl 4096] Endgame KRR-KRR} 50. g5 c4 51. g6 $2 (51. Rdc2 a3 52. b3 cxb3 53. axb3) 51... d3 52. g7 Rb8 53. Rc3 Kd4 54. Rg2 Rg8 55. Ra3 Rb7 56. Rg4 Ke3 (56... Rgxg7 $142 57. Rxf4+ {[#]} Ke3 $1 {[%mdl 512]} 58. Re4+ Kxf3 59. Rxc4 Ke3 60. Rxd3+ Kxd3 61. Rc3+ Kd4 62. Ra3 Rxb2 63. Rxa4+ Kc5 64. Kc1 Rh2 65. Ra5+ Kb4 66. Rd5 Rxa2 67. Kb1 Rf2 68. Rd1 Rb7 69. Rd3 Kc4+ {[%mdl 64] Discovered Attack} 70. Ka1 Ra7+ 71. Ra3 Rxa3+ 72. Kb1 Kc3 73. Kc1 Rf1#) 57. Rxa4 Rbxg7 (57... Rxb2 $142 58. Rxc4 Rb1+ 59. Rc1 Rxc1+ 60. Kxc1 d2+ 61. Kc2 Rc8+ 62. Kb2 d1=Q 63. g8=Q Qc1+ 64. Kb3 Rc3+ 65. Kb4 Qa3+ 66. Kb5 Rc5+ {[%mdl 64] Double Attack} 67. Kb6 Qb4+ 68. Ka7 Ra5#) 58. Ra6 Rxg4 {Black mates.} 59. fxg4 Rxg4 {[%cal Rg4g1] KR-KR} 60. Re6+ Kd4 61. Rd6+ Ke5 62. Rd8 Rg1+ 63. Kd2 Rg2+ 64. Kc3 Rc2+ 65. Kb4 f3 66. Re8+ Kd4 67. Rd8+ Ke3 68. Re8+ Kd2 69. Rf8 Ke2 {Accuracy: White = 38%, Black = 71%.} 0-1

[Event "35th European Club Cup 2019"]
[Site "Ulcinj"]
[Date "2019.11.14"]
[Round "5.11"]
[White "Van Wissen, Michiel"]
[Black "Saraci, Korab"]
[Result "1-0"]
[WhiteElo "2289"]
[BlackElo "2114"]
[Annotator "NA"]
[PlyCount "89"]
[EventDate "2019.11.10"]
[EventType "team-tourn"]
[EventCountry "MNE"]
[SourceTitle "playchess.com"]
[Source "ChessBase"]
[SourceQuality "1"]
[WhiteTeam "LSG IntelliMagic"]
[BlackTeam "Drejtesia"]
[TimeControl "40/5400+30:1800+30"]

1. e4 {[%emt 0:00:00]} e5 {[%emt 0:00:00]} 2. Bc4 {[%emt 0:00:00]} Nf6 3. d3 {[%emt 0:00:00]} Nc6 {[%emt 0:02:59]} 4. Nf3 {[%emt 0:00:40]} h6 {[%emt 0:02:44]} 5. O-O {[%emt 0:02:34]} d6 {[%emt 0:00:47]} 6. c3 {[%emt 0:00:30]} Be7 7. Re1 {[%emt 0:04:58]} O-O {[%emt 0:02:50]} 8. a4 Kh8 {[%emt 0:08:08]} 9. a5 {[%emt 0:08:29]} Bg4 {[%emt 0:12:45]} 10. h3 {[%emt 0:08:57]} Bh5 {[%emt 0:07:58]} 11. a6 {[%emt 0:02:19]} b6 {[%emt 0:04:28]} 12. Nbd2 {[%emt 0:06:43]} Nb8 {[%emt 0:11:44]} 13. Nf1 {[%emt 0:08:05]} c6 {[%emt 0:03:05]} 14. Ng3 {[%emt 0:01:37]} Bg6 {[%emt 0:02:16]} 15. Nh4 {[%emt 0:07:35]} Bh7 {[%emt 0:10:47]} 16. Nhf5 {[%emt 0:02:48]} Qd7 {[%emt 0:01:32]} 17. Nxe7 Qxe7 {[%emt 0:00:14]} 18. Qf3 {[%emt 0:08:36]} Nbd7 {[%emt 0:02:16]} 19. Nf5 {[%emt 0:08:12]} Bxf5 {[%emt 0:00:56]} 20. Qxf5 {[%emt 0:00:14]} Rfd8 {[%emt 0:07:25]} 21. Bb3 {[%emt 0:07:47]} Nf8 {[%emt 0:01:11]} 22. Bd2 {[%emt 0:09:00]} Ng6 {[%emt 0:01:32]} 23. g3 {[%emt 0:00:45]} Qd7 {[%emt 0:03:13]} 24. Qxd7 {[%emt 0:02:32]} Rxd7 {[%emt 0:00:56]} 25. d4 {[%emt 0:02:03]} Re8 {[%emt 0:01:26]} 26. d5 {[%emt 0:02:25]} Ne7 27. dxc6 {[%emt 0:01:09]} Nxc6 {[%emt 0:02:52]} 28. Ba4 {[%emt 0:00:52]} Rc7 {[%emt 0:00:28]} 29. Bb5 {[%emt 0:01:31]} Rd8 {[%emt 0:00:34]} 30. Bf1 {[%emt 0:01:18]} Na5 {[%emt 0:02:46]} 31. Rad1 {[%emt 0:01:35]} Nb3 {[%emt 0:00:55]} 32. Be3 {[%emt 0:00:13]} Na5 {[%emt 0:02:30]} 33. f3 {[%emt 0:00:45]} Ng8 {[%emt 0:01:41]} 34. Bg2 {[%emt 0:01:08]} Rcd7 {[%emt 0:01:06]} 35. f4 {[%emt 0:00:11]} f6 {[%emt 0:00:18]} 36. Rd3 {[%emt 0:00:43]} Ne7 {[%emt 0:01:17]} 37. Red1 {[%emt 0:00:09]} Nb3 {[%emt 0:01:05]} 38. h4 {[%emt 0:00:19]} Nc6 {[%emt 0:00:37]} 39. Bh3 {[%emt 0:00:20]} Rc7 {[%emt 0:01:26]} 40. Rxd6 {[%emt 0:00:00]} Rxd6 {[%emt 0:00:00]} 41. Rxd6 {[%emt 0:00:16]} Nca5 {[%emt 0:06:48]} 42. Be6 {[%emt 0:09:12]} Kh7 {[%emt 0:01:14]} 43. Rd8 {[%emt 0:04:00]} Re7 {[%emt 0:07:20]} 44. f5 {[%emt 0:06:05]} g6 {[%emt 0:00:46]} 45. Bxb6 {[%emt 0:04:55]} 1-0

[Event "35th European Club Cup 2019"]
[Site "Ulcinj"]
[Date "2019.11.14"]
[Round "5.11"]
[White "Hanko, Pavol"]
[Black "Netzer, Jacques"]
[Result "1/2-1/2"]
[WhiteElo "2114"]
[BlackElo "2284"]
[Annotator "NA"]
[PlyCount "85"]
[EventDate "2019.11.10"]
[EventType "team-tourn"]
[EventCountry "MNE"]
[SourceTitle "playchess.com"]
[Source "ChessBase"]
[SourceQuality "1"]
[WhiteTeam "Inbest Dunajov"]
[BlackTeam "Mulhouse"]
[TimeControl "40/5400+30:1800+30"]

1. d4 {[%emt 0:00:00]} Nf6 {[%emt 0:00:00]} 2. Nf3 {[%emt 0:00:00]} g6 {[%emt 0:00:00]} 3. c4 {[%emt 0:00:20]} Bg7 {[%emt 0:00:00]} 4. Nc3 {[%emt 0:00:25]} O-O {[%emt 0:00:00]} 5. e4 {[%emt 0:00:17]} d6 {[%emt 0:00:00]} 6. Be2 {[%emt 0:00:31]} e5 {[%emt 0:00:05]} 7. Be3 {[%emt 0:01:14]} Ng4 {[%emt 0:00:31]} 8. Bg5 {[%emt 0:00:21]} f6 {[%emt 0:00:05]} 9. Bc1 {[%emt 0:01:08]} f5 {[%emt 0:00:10]} 10. dxe5 {[%emt 0:09:50]} Nxe5 {[%emt 0:01:57]} 11. Nxe5 {[%emt 0:00:28]} Bxe5 {[%emt 0:00:12]} 12. f4 {[%emt 0:00:40]} Bg7 {[%emt 0:05:26]} 13. exf5 {[%emt 0:04:33]} Bxf5 {[%emt 0:01:14]} 14. Qd5+ {[%emt 0:06:34]} Kh8 {[%emt 0:00:04]} 15. Qxb7 {[%emt 0:00:13]} Nd7 {[%emt 0:00:10]} 16. O-O {[%emt 0:01:00]} Nc5 {[%emt 0:05:51]} 17. Qd5 {[%emt 0:01:04]} Rb8 {[%emt 0:03:50]} 18. Be3 {[%emt 0:09:40]} Rxb2 {[%emt 0:17:59]} 19. Bd4 {[%emt 0:00:22]} Qe7 {[%emt 0:15:32]} 20. Bxg7+ {[%emt 0:08:12]} Qxg7 {[%emt 0:00:07]} 21. Rac1 {[%emt 0:00:16]} Bc8 {[%emt 0:22:41]} 22. g3 {[%emt 0:08:18]} Bb7 {[%emt 0:00:20]} 23. Qd1 {[%emt 0:00:19]} Re8 {[%emt 0:03:50]} 24. Bf3 {[%emt 0:03:45]} Bxf3 {[%emt 0:10:37]} 25. Rxf3 {[%emt 0:00:45]} Qf7 {[%emt 0:03:00]} 26. Qd4+ {[%emt 0:00:50]} Kg8 {[%emt 0:00:43]} 27. Rf2 {[%emt 0:00:58]} Rxf2 {[%emt 0:00:13]} 28. Kxf2 {[%emt 0:00:42]} Qe6 {[%emt 0:00:40]} 29. Rd1 {[%emt 0:04:03]} Ne4+ {[%emt 0:00:29]} 30. Nxe4 {[%emt 0:03:36]} Qxe4 {[%emt 0:00:04]} 31. Rd2 {[%emt 0:10:00]} Qe1+ {[%emt 0:01:16]} 32. Kg2 {[%emt 0:02:41]} Re2+ {[%emt 0:00:11]} 33. Rxe2 {[%emt 0:01:10]} Qxe2+ {[%emt 0:00:04]} 34. Kh3 {[%emt 0:00:23]} Qh5+ {[%emt 0:00:02]} 35. Kg2 {[%emt 0:00:14]} Qe2+ {[%emt 0:00:04]} 36. Kh3 {[%emt 0:00:15]} Qxa2 {[%emt 0:00:03]} 37. Qd5+ {[%emt 0:00:18]} Kf8 {[%emt 0:00:20]} 38. Qe6 {[%emt 0:00:17]} Qa5 {[%emt 0:08:05]} 39. Qf6+ {[%emt 0:01:54]} Ke8 {[%emt 0:01:40]} 40. Qe6+ {[%emt 0:00:00]} Kf8 {[%emt 0:00:00]} 41. Qf6+ {[%emt 0:03:07]} Kg8 {[%emt 0:04:34]} 42. Qe6+ {[%emt 0:01:57]} Kf8 {[%emt 0:00:32]} 43. Qf6+ 1/2-1/2

[Event "35th European Club Cup 2019"]
[Site "Ulcinj"]
[Date "2019.11.14"]
[Round "5.12"]
[White "Goganov, Aleksey"]
[Black "Kislinsky, Alexey"]
[Result "1/2-1/2"]
[WhiteElo "2565"]
[BlackElo "2448"]
[Annotator "ChessBase"]
[PlyCount "74"]
[EventDate "2019.11.10"]
[EventType "team-tourn"]
[EventCountry "MNE"]
[SourceTitle "playchess.com"]
[Source "ChessBase"]
[SourceQuality "1"]
[WhiteTeam "Mednyi Vsadnik"]
[BlackTeam "Lysa nad Labem"]
[TimeControl "40/5400+30:1800+30"]

1. d4 {[%emt 0:00:00]} Nf6 {[%emt 0:00:00]} 2. c4 {[%emt 0:00:00]} c5 {[%emt 0:00:16]} 3. d5 {[%emt 0:00:00]} b5 {[%emt 0:00:08]} 4. cxb5 {[%emt 0:00:00]} a6 {[%emt 0:00:03]} 5. bxa6 {[%emt 0:00:05]} g6 {[%emt 0:00:05]} 6. Nc3 {[%emt 0:00:04]} Bxa6 {[%emt 0:00:06]} 7. e4 {[%emt 0:00:08]} Bxf1 {[%emt 0:00:04]} 8. Kxf1 {[%emt 0:00:04]} d6 {[%emt 0:00:09]} 9. g3 {[%emt 0:00:22]} Bg7 {[%emt 0:00:06]} 10. Kg2 {[%emt 0:00:04]} O-O {[%emt 0:00:08]} 11. Nf3 {[%emt 0:00:09]} Qb6 {[%emt 0:00:20]} 12. Qe2 {[%emt 0:05:20]} Na6 {[%emt 0:00:51]} 13. a4 {[%emt 0:18:10]} Rfb8 {[%emt 0:02:02]} 14. Bd2 {[%emt 0:02:30]} Nc7 {[%emt 0:01:11]} 15. Nb5 {[%emt 0:23:15]} Nxb5 {[%emt 0:04:01]} 16. axb5 {[%emt 0:01:06]} Rxa1 {[%emt 0:05:26]} 17. Rxa1 {[%emt 0:00:05]} Nd7 {[%emt 0:02:42]} 18. Bc3 {[%emt 0:04:55]} Qxb5 {[%emt 0:07:15]} 19. Qxb5 {[%emt 0:00:18]} Rxb5 {[%emt 0:00:05]} 20. Ra7 {[%emt 0:02:14]} Bxc3 {[%emt 0:02:02]} 21. bxc3 {[%emt 0:00:05]} Nf6 {[%emt 0:00:46]} 22. e5 {[%emt 0:00:23]} dxe5 {[%emt 0:03:33]} 23. Rxe7 {[%emt 0:00:41]} Nxd5 {[%emt 0:26:24]} 24. Re8+ {[%emt 0:01:12]} Kg7 {[%emt 0:02:17]} 25. c4 {[%emt 0:00:05]} Nf6 {[%emt 0:00:54]} 26. Re7 {[%emt 0:33:48]} Rb6 {[%emt 0:04:50]} 27. Ng5 {[%emt 0:00:22]} Kg8 {[%emt 0:15:40]} 28. Nxf7 {[%emt 0:00:44]} Kf8 {[%emt 0:01:39]} 29. Rc7 {[%emt 0:00:32]} e4 {[%emt 0:03:19]} 30. Ne5 {[%emt 0:00:51]} Ke8 {[%emt 0:00:05]} 31. Rxc5 {[%emt 0:01:15]} Ke7 {[%emt 0:03:03]} 32. Ra5 {[%emt 0:00:46]} Rb2 {[%emt 0:01:13]} 33. g4 {[%emt 0:03:04]} Rc2 {[%emt 0:02:54]} 34. Nc6+ {[%emt 0:01:11]} Kd7 {[%emt 0:01:17]} 35. Ra7+ {[%emt 0:01:53]} Kxc6 {[%emt 0:01:01]} 36. Ra6+ {[%emt 0:00:02]} Kc5 {[%emt 0:00:06]} 37. Rxf6 {[%emt 0:00:02]} e3 {[%emt 0:00:35]} 1/2-1/2

[Event "35th European Club Cup 2019"]
[Site "Ulcinj"]
[Date "2019.11.14"]
[Round "5.12"]
[White "Nogly, Christoph"]
[Black "Murzin, Volodar"]
[Result "1/2-1/2"]
[WhiteElo "2235"]
[BlackElo "2429"]
[Annotator "NA RC"]
[PlyCount "145"]
[EventDate "2019.11.10"]
[EventType "team-tourn"]
[EventCountry "MNE"]
[SourceTitle "playchess.com"]
[Source "ChessBase"]
[SourceQuality "1"]
[WhiteTeam "Berlin"]
[BlackTeam "Moscow Chess Team"]
[TimeControl "40/5400+30:1800+30"]

1. d4 {[%emt 0:00:00]} Nf6 {[%emt 0:00:00]} 2. c4 {[%emt 0:00:00]} g6 {[%emt 0:00:00]} 3. Nc3 {[%emt 0:00:00]} Bg7 {[%emt 0:00:00]} 4. e4 {[%emt 0:00:00]} d6 {[%emt 0:00:02]} 5. Bd3 {[%emt 0:00:00]} O-O {[%emt 0:00:31]} 6. Nge2 {[%emt 0:00:00]} Nc6 {[%emt 0:00:23]} 7. O-O {[%emt 0:00:12]} Nd7 {[%emt 0:00:22]} 8. Be3 {[%emt 0:01:27]} e5 {[%emt 0:00:22]} 9. d5 {[%emt 0:00:06]} Nd4 {[%emt 0:00:12]} 10. Nb5 {[%emt 0:02:12]} Nxe2+ {[%emt 0:05:59]} 11. Qxe2 {[%emt 0:00:20]} b6 {[%emt 0:04:52]} 12. Rac1 {[%emt 0:09:10]} a6 {[%emt 0:01:16]} 13. Nc3 {[%emt 0:00:06]} a5 {[%emt 0:00:07]} 14. Qd2 {[%emt 0:11:12]} Nf6 {[%emt 0:05:37]} 15. Be2 {[%emt 0:05:16]} h5 {[%emt 0:04:33]} 16. h3 {[%emt 0:12:08]} Nh7 {[%emt 0:01:30]} 17. b3 {[%emt 0:11:20]} Qe7 {[%emt 0:15:32]} 18. a3 {[%emt 0:04:52]} f5 {[%emt 0:05:12]} 19. exf5 {[%emt 0:01:37]} Bxf5 {[%emt 0:02:26]} 20. g4 {[%emt 0:07:14]} Bd7 {[%emt 0:10:54]} 21. f3 {[%emt 0:05:13]} e4 {[%emt 0:05:22]} 22. Nxe4 {[%emt 0:12:29]} hxg4 {[%emt 0:00:32]} 23. hxg4 {[%emt 0:00:10]} Bxg4 {[%emt 0:01:50]} 24. Kg2 {[%emt 0:07:38]} Rae8 {[%emt 0:03:38]} 25. Bd3 {[%emt 0:01:02]} Bf5 {[%emt 0:12:38]} 26. Rce1 {[%emt 0:02:24]} Qd7 {[%emt 0:00:55]} 27. Nf2 {[%emt 0:01:45]} Nf6 {[%emt 0:00:52]} 28. Bg5 {[%emt 0:02:53]} Nh5 {[%emt 0:01:22]} 29. Rxe8 {[%emt 0:00:38]} Rxe8 {[%emt 0:03:05]} 30. Re1 {[%emt 0:00:46]} Be5 {[%emt 0:06:29]} 31. f4 {[%emt 0:01:58]} Bf6 {[%emt 0:01:31]} 32. Bxf5 {[%emt 0:00:34]} gxf5 {[%emt 0:00:05]} 33. Rxe8+ {[%emt 0:00:17]} Qxe8 {[%emt 0:00:00]} 34. Bxf6 {[%emt 0:00:15]} Nxf6 {[%emt 0:00:06]} 35. Qd3 {[%emt 0:00:29]} Qg6+ {[%emt 0:03:12]} 36. Qg3 {[%emt 0:00:09]} Kf7 {[%emt 0:01:23]} 37. Qxg6+ {[%emt 0:00:06]} Kxg6 {[%emt 0:00:01]} 38. Kf3 {[%emt 0:00:09]} Kh5 {[%emt 0:01:31]} 39. Nh1 {[%emt 0:01:24]} Nd7 {[%emt 0:03:24]} 40. Ng3+ {[%emt 0:00:00]} Kg6 {[%emt 0:00:00]} 41. Ne2 {[%emt 0:03:00]} Nc5 {[%emt 0:01:42]} 42. Nd4 {[%emt 0:00:47]} Kf6 {[%emt 0:02:42]} 43. Ke3 {[%emt 0:00:30]} Kg6 {[%emt 0:01:19]} 44. Kd2 {[%emt 0:07:48]} Ne4+ {[%emt 0:07:21]} 45. Kc2 {[%emt 0:01:51]} Nf6 {[%emt 0:00:47]} 46. b4 {[%emt 0:02:50]} a4 {[%emt 0:03:16]} 47. Kd3 {[%emt 0:01:14]} Ne8 {[%emt 0:02:52]} 48. Ke3 {[%emt 0:03:15]} Kf6 {[%emt 0:00:25]} 49. Nb5 {[%emt 0:00:18]} Ke7 {[%emt 0:00:17]} 50. Nc3 {[%emt 0:00:09]} Nf6 {[%emt 0:00:12]} 51. Nxa4 {[%emt 0:01:28]} b5 {[%emt 0:00:12]} 52. Nc3 {[%emt 0:00:07]} bxc4 {[%emt 0:00:03]} 53. Kd4 {[%emt 0:00:22]} Kd7 {[%emt 0:00:33]} 54. Kxc4 {[%emt 0:00:12]} Nh5 {[%emt 0:00:04]} 55. Ne2 {[%emt 0:00:06]} Kc8 {[%emt 0:00:04]} 56. Nd4 {[%emt 0:10:18]} Nxf4 {[%emt 0:00:14]} 57. Nxf5 {[%emt 0:00:06]} Kb7 {[%emt 0:00:05]} 58. Ne3 {[%emt 0:00:35]} Ng6 {[%emt 0:00:29]} 59. b5 {[%emt 0:01:37]} Kb6 {[%emt 0:01:12]} 60. Kb4 {[%emt 0:00:08]} Nf4 {[%emt 0:00:25]} 61. Kc4 {[%emt 0:01:43]} Ka5 {[%emt 0:00:53]} 62. Nc2 {[%emt 0:01:07]} Ka4 {[%emt 0:01:26]} 63. Nd4 {[%emt 0:00:47]} Ng6 {[%emt 0:01:38]} 64. Ne6 {[%emt 0:01:50]} Ne5+ {[%emt 0:00:13]} 65. Kd4 {[%emt 0:00:23]} Kxb5 {[%emt 0:00:19]} 66. Nxc7+ {[%emt 0:00:22]} Ka4 {[%emt 0:00:08]} 67. Ne8 {[%emt 0:00:37]} Nf7 {[%emt 0:00:22]} 68. Ke4 {[%emt 0:00:29]} Kxa3 {[%emt 0:00:10]} 69. Kf5 {[%emt 0:00:04]} Kb4 {[%emt 0:00:09]} 70. Ke6 {[%emt 0:00:21]} Kc5 {[%emt 0:00:13]} 71. Nf6 {[%emt 0:01:38]} Ng5+ {[%emt 0:00:07]} 72. Ke7 {[%emt 0:01:03]} Nh7 {[%emt 0:00:22]} 73. Ne4+ {[%emt 0:00:18]} 1/2-1/2

[Event "35th European Club Cup 2019"]
[Site "Ulcinj"]
[Date "2019.11.14"]
[Round "5.12"]
[White "Richard, Emma"]
[Black "Magat, Jozef"]
[Result "1/2-1/2"]
[WhiteElo "2157"]
[BlackElo "2105"]
[Annotator "NA"]
[PlyCount "89"]
[EventDate "2019.11.10"]
[EventType "team-tourn"]
[EventCountry "MNE"]
[SourceTitle "playchess.com"]
[Source "ChessBase"]
[SourceQuality "1"]
[WhiteTeam "Mulhouse"]
[BlackTeam "Inbest Dunajov"]
[TimeControl "40/5400+30:1800+30"]

1. e4 {[%emt 0:00:00]} e6 {[%emt 0:00:00]} 2. d4 {[%emt 0:00:03]} d5 {[%emt 0:00:16]} 3. Nd2 {[%emt 0:00:30]} Nc6 {[%emt 0:00:30]} 4. Ngf3 {[%emt 0:00:30]} Nf6 {[%emt 0:00:30]} 5. e5 {[%emt 0:00:30]} Nd7 {[%emt 0:00:30]} 6. c3 {[%emt 0:07:45]} f6 7. exf6 Qxf6 {[%emt 0:00:42]} 8. Bb5 {[%emt 0:01:40]} Bd6 {[%emt 0:00:21]} 9. Nf1 {[%emt 0:01:18]} O-O {[%emt 0:01:04]} 10. Bg5 {[%emt 0:10:38]} Qf7 {[%emt 0:01:03]} 11. Bh4 {[%emt 0:02:58]} h6 {[%emt 0:01:37]} 12. Ne3 {[%emt 0:05:41]} a6 {[%emt 0:01:33]} 13. Ba4 {[%emt 0:02:13]} b5 {[%emt 0:04:19]} 14. Bb3 {[%emt 0:00:30]} Na5 {[%emt 0:00:30]} 15. Bc2 {[%emt 0:06:54]} Nc4 {[%emt 0:17:58]} 16. O-O {[%emt 0:06:54]} Nf6 {[%emt 0:24:29]} 17. Nxc4 {[%emt 0:08:30]} bxc4 {[%emt 0:04:59]} 18. Bg3 {[%emt 0:04:17]} Qh5 {[%emt 0:08:37]} 19. Ne5 {[%emt 0:03:45]} Qxd1 {[%emt 0:01:21]} 20. Rfxd1 {[%emt 0:01:22]} Nh5 {[%emt 0:00:51]} 21. Ng6 {[%emt 0:00:30]} Rf7 {[%emt 0:02:29]} 22. Re1 {[%emt 0:05:43]} Nxg3 {[%emt 0:01:57]} 23. hxg3 {[%emt 0:01:36]} c5 {[%emt 0:01:46]} 24. Ne5 {[%emt 0:00:30]} Rf8 {[%emt 0:00:30]} 25. b3 {[%emt 0:03:51]} cxb3 {[%emt 0:04:30]} 26. axb3 {[%emt 0:00:22]} cxd4 {[%emt 0:02:05]} 27. cxd4 {[%emt 0:00:06]} Rb8 {[%emt 0:02:39]} 28. Ra4 {[%emt 0:05:35]} Rb4 {[%emt 0:02:41]} 29. Rxb4 {[%emt 0:08:11]} Bxb4 {[%emt 0:00:11]} 30. Rc1 {[%emt 0:00:00]} Ba3 {[%emt 0:03:15]} 31. Rb1 {[%emt 0:02:06]} Bb7 {[%emt 0:02:21]} 32. b4 {[%emt 0:02:02]} Rc8 {[%emt 0:01:18]} 33. Bg6 {[%emt 0:00:30]} Rc1+ {[%emt 0:04:25]} 34. Rxc1 {[%emt 0:00:06]} Bxc1 {[%emt 0:00:05]} 35. Bf7+ {[%emt 0:00:21]} Kf8 {[%emt 0:00:08]} 36. Bxe6 {[%emt 0:00:03]} Ke7 {[%emt 0:00:46]} 37. Nd3 {[%emt 0:01:52]} Bd2 {[%emt 0:02:02]} 38. Bg4 {[%emt 0:01:18]} Bc6 {[%emt 0:02:35]} 39. Bc8 {[%emt 0:00:00]} a5 {[%emt 0:00:00]} 40. bxa5 {[%emt 0:00:00]} Bxa5 {[%emt 0:00:00]} 41. Ne5 {[%emt 0:11:24]} Bb5 {[%emt 0:03:21]} 42. Ng6+ {[%emt 0:11:29]} Kd6 {[%emt 0:09:10]} 43. Nh4 {[%emt 0:00:30]} Bd3 {[%emt 0:01:49]} 44. Bf5 {[%emt 0:04:00]} Be2 {[%emt 0:01:18]} 45. Bc2 {[%emt 0:05:43] Ke5} 1/2-1/2